[Event "Bagsvard GSF 75 Years-C"]
[Site "Bagsvard"]
[Date "2008.05.20"]
[Round "5"]
[White "Kristensen, Sascha"]
[Black "Draeger, Mikael"]
[Result "0-1"]
[WhiteElo "1583"]
[BlackElo "1656"]
[PlyCount "67"]
[EventDate "2008.04.15"]
[EventType "tourn"]
[EventRounds "7"]
[EventCountry "DEN"]
[SourceTitle "EXT 2023"]
[Source "ChessBase"]
[SourceDate "2022.10.05"]
[SourceVersion "1"]
[SourceVersionDate "2022.10.05"]
[SourceQuality "1"]

1. d4 d5 2. e4 dxe4 3. Nc3 Nf6 4. f3 exf3 5. Qxf3 e6 6. a3 Be7 7. Be3 0-0 8. Bc4 c6 9. Nge2 Nbd7 10. 0-0-0 Nb6 11. Ba2 Nbd5 12. Bg5 Qa5 13. Qg3 Re8 14. Bd2 Qd8 15. h4 Bd6 16. Qf3 b5 17. g4 a5 18. g5 b4 19. Nxd5 Nxd5 20. a4 Qc7 21. c4 bxc3 22. Nxc3 Rb8 23. Ne4 Qb6 24. b3 Ba3+ 25. Kb1 Qxd4 26. Bc3 Nxc3+ 27. Nxc3 Qe5 28. Rhf1 Qf5+ 29. Qxf5 exf5 30. Rd4 Be6 31. Kc2 c5 32. Rdf4 c4 33. Rb1 Bd6 34. Nb5 0-1